000 01087cam a22002658a 4500
001 15892279
005 20100222081908.0
008 090903s2010 mau 000 0 eng
010 _a 2009035425
020 _a9780205331727
040 _aDLC
_cDLC
050 0 0 _aP90
_b.D44 2010
082 0 0 _a302.2301
_222
100 1 _aDeFleur, Melvin L.
_q(Melvin Lawrence),
_d1923-
245 1 0 _aMass communication theories :
_bexplaining origins, processes and effects /
_cMelvin L. DeFleur.
260 _aBoston :
_bAllyn & Bacon,
_cc2010.
263 _a0909
300 _ap. cm.
650 0 _aMass media.
906 _a7
_bcbc
_corignew
_d1
_eecip
_f20
_gy-gencatlg
942 _2lcc
_cBK
999 _c36655
_d36655